Top Ten Empires That Came Closest to World Domination - Statistics

General Stats
  • This quiz has been taken 673 times
  • The average score is 7 of 10
Answer Stats
Rank Region of Origin Time Span Empire % Correct
6. Eastern Asia 1206 - 1638 Mongol Empire
92%
7. Southwestern Europe 1492 - 1975 Spanish Empire
84%
8. Central Europe 1933 - 1945 Nazi Germany
83%
4. Eastern North America 1776 - Present Day United States of America
82%
5. Western Asia 1299 - 1924 Ottoman Empire
77%
10. Southwestern Europe 1415 - 1999 Portuguese Empire
68%
1. Western Asia 550 BC - 330 BC Achaemenid Empire
67%
2. Southern Europe 30 BC - 1453 Roman Empire
54%
3. Western Europe 1497 - Present Day British Empire
50%
9. Central Asia 1363 - 1526 Timurid Empire
19%
No matching quizzes found
Score Distribution
Percent of People with Each Score
Percentile by Number Answered
Your Score History
You have not taken this quiz